000 00626nam a22002057a 4500
999 _c11904
_d11904
003 AR-CdUCM
008 190405b ||||| |||| 00| 0 spa d
020 _a9972-728-81-2
040 _aMUNICIPALIDAD PROVINCIAL DEL CUSCO
_cBIBLIOTECA MUNICIPAL DEL CUSCO
082 _aES / 373.268 /
_bO36
110 _aO.N.D.E.C.
_929500
245 _aReligión 2 /
260 _aLima :
_bNavarrete S. A. ;
_c2000.
300 _a135 páginas ;
_bIlustraciones, mapas
_c29cm
500 _aEducación secundaria 2do
505 _aContenido: Religión
650 _aReligión
_91195
942 _2ddc
_cLIBROS
945 _anom
_d2019-04-05